header

Personal Daily Log with Updated Interactive Web-sites (Record no. 261874)

MARC details
000 -LEADER
fixed length control field 00251nam a22000977a 4500
020 ## - INTERNATIONAL STANDARD BOOK NUMBER
ISBN 9780534589660
100 ## - MAIN ENTRY--AUTHOR NAME
Personal name Wadsworth
245 ## - TITLE STATEMENT
Title Personal Daily Log with Updated Interactive Web-sites
260 ## - PUBLICATION, DISTRIBUTION, ETC. (IMPRINT)
Place of publication U.S.A
Name of publisher Thompson Wadsworth
Year of publication 2004
942 ## - ADDED ENTRY ELEMENTS (KOHA)
Koha item type Long Loan Books

No items available.

© 2026 Rongo University
Contact us: librarian | system librarian | Rongo university